000 00668nam a2200229Ia 4500
003 OSt
005 20220927105559.0
006 a|||||r|||| 00| 0
007 ta
008 220926b |||||||| |||| 00| 0 eng d
024 _a187254
037 _cReference Collections
040 _aRTL
_cRTL
_beng
041 _2eng
_aeng
082 _a"V1N45,93:3.N49, H9.15/UN"
245 0 _aEconomic and Social Council official records
_b9th session
260 _aNew
_byork UN
_c1949
300 _a15p.
_ccm.
490 _aSupplement no.15
942 _h"V1N45,93:3.N49, H9.15/UN"
_cCC
999 _c693264
_d693264